00609 2200217 4500001002100000005001500021035002000036007000300056008004100059020001800100082001000118084001600128100001400144245007200158250002000230260004100250300002500291600002300316856003600339990001600375INLIS00000000000000920260520115705 a0010-0120000009ta260520 g 0 ind  a979-9056-44-6 a200.1 a200.1 A.M f0 aA.M.Romly1 aFungsi Agama Bagi Manusia :bSuatu Pendekatan Filsafat /cA.M.Romly aCetakan pertama aJakarta :bBina Rena Pariwara,c1999 a106 halaman ;c21 cm 4aAgama dan Filsafat aPerpustakaan Umum Kota Makassar a00000000025